Todos los Pokémon (#0001 - #1025) - Estadísticas

Estadísticas generales
  • Esta prueba ha sido intentada 707 veces
  • La puntuación promedio es 245 de 1025
Estadísticas de respuestas
No. Tipo Pokémon % Correcto
#0001 Planta Veneno Bulbasaur
91%
#0004 Fuego Charmander
89%
#0006 Fuego Volador Charizard
87%
#0025 Eléctrico Pikachu
87%
#0002 Planta Veneno Ivysaur
85%
#0005 Fuego Charmeleon
84%
#0007 Agua Squirtle
82%
#0003 Planta Veneno Venusaur
82%
#0009 Agua Blastoise
81%
#0026 Eléctrico Raichu
81%
#0008 Agua Wartortle
76%
#0010 Bicho Caterpie
74%
#0011 Bicho Metapod
72%
#0018 Normal Volador Pidgeot
72%
#0012 Bicho Volador Butterfree
71%
#0014 Bicho Veneno Kakuna
71%
#0017 Normal Volador Pidgeotto
71%
#0016 Normal Volador Pidgey
71%
#0151 Psíquico Mew
70%
#0133 Normal Eevee
69%
#0094 Fantasma Veneno Gengar
69%
#0149 Dragón Volador Dragonite
68%
#0015 Bicho Veneno Beedrill
67%
#0150 Psíquico Mewtwo
67%
#0134 Agua Vaporeon
66%
#0136 Fuego Flareon
65%
#0013 Bicho Veneno Weedle
65%
#0145 Eléctrico Volador Zapdos
65%
#0063 Psíquico Abra
64%
#0144 Hielo Volador Articuno
64%
#0147 Dragón Dratini
64%
#0135 Eléctrico Jolteon
64%
#0146 Fuego Volador Moltres
64%
#0023 Veneno Ekans
63%
#0092 Fantasma Veneno Gastly
63%
#0074 Roca Tierra Geodude
63%
#0093 Fantasma Veneno Haunter
63%
#0095 Roca Tierra Onix
63%
#0024 Veneno Arbok
62%
#0064 Psíquico Kadabra
62%
#0129 Agua Magikarp
62%
#0019 Normal Rattata
62%
#0065 Psíquico Alakazam
61%
#0076 Roca Tierra Golem
61%
#0130 Agua Volador Gyarados
61%
#0030 Veneno Nidorina
61%
#0033 Veneno Nidorino
61%
#0172 Eléctrico Pichu
61%
#0020 Normal Raticate
61%
#0021 Normal Volador Spearow
61%
#0148 Dragón Dragonair
60%
#0022 Normal Volador Fearow
60%
#0031 Veneno Tierra Nidoqueen
60%
#0029 | #0032 Veneno Nidoran
60%
#0075 Roca Tierra Graveler
59%
#0068 Lucha Machamp
59%
#0067 Lucha Machoke
59%
#0066 Lucha Machop
59%
#0052 Normal Meowth
59%
#0034 Veneno Tierra Nidoking
59%
#0143 Normal Snorlax
58%
#0037 Fuego Vulpix
58%
#0059 Fuego Arcanine
57%
#0039 Normal Hada Jigglypuff
57%
#0077 Fuego Ponyta
57%
#0078 Fuego Rapidash
57%
#0028 Tierra Sandslash
57%
#0035 Hada Clefairy
56%
#0051 Tierra Dugtrio
56%
#0107 Lucha Hitmonchan
56%
#0106 Lucha Hitmonlee
56%
#0131 Agua Hielo Lapras
56%
#0081 Eléctrico Acero Magnemite
56%
#0038 Fuego Ninetales
56%
#0126 Fuego Magmar
55%
#0082 Eléctrico Acero Magneton
55%
#0053 Normal Persian
55%
#0197 Siniestro Umbreon
55%
#0041 Veneno Volador Zubat
55%
#0152 Planta Chikorita
54%
#0050 Tierra Diglett
54%
#0124 Hielo Psíquico Jynx
54%
#0043 Planta Veneno Oddish
54%
#0048 Bicho Veneno Venonat
54%
#0036 Hada Clefable
53%
#0044 Planta Veneno Gloom
53%
#0042 Veneno Volador Golbat
53%
#0058 Fuego Growlithe
53%
#0122 Psíquico Hada Mr. Mime
53%
#0027 Tierra Sandshrew
53%
#0049 Bicho Veneno Venomoth
53%
#0125 Eléctrico Electabuzz
52%
#0140 Roca Agua Kabuto
52%
#0250 Fuego Volador Ho-Oh
51%
#0141 Roca Agua Kabutops
51%
#0121 Agua Psíquico Starmie
51%
#0045 Planta Veneno Vileplume
51%
#0142 Roca Volador Aerodactyl
50%
#0196 Psíquico Espeon
50%
#0060 Agua Poliwag
50%
#0062 Agua Lucha Poliwrath
50%
#0054 Agua Psyduck
50%
#0120 Agua Staryu
50%
#0158 Agua Totodile
50%
#0040 Normal Hada Wigglytuff
50%
#0101 Eléctrico Electrode
49%
#0061 Agua Poliwhirl
49%
#0073 Agua Veneno Tentacruel
49%
#0249 Psíquico Volador Lugia
48%
#0089 Veneno Muk
48%
#0086 Agua Seel
48%
#0072 Agua Veneno Tentacool
48%
#0069 Planta Veneno Bellsprout
47%
#0155 Fuego Cyndaquil
47%
#0084 Normal Volador Doduo
47%
#0118 Agua Goldeen
47%
#0055 Agua Golduck
47%
#0109 Veneno Koffing
47%
#0056 Lucha Mankey
47%
#0154 Planta Meganium
47%
#0138 Roca Agua Omanyte
47%
#0139 Roca Agua Omastar
47%
#0046 Bicho Planta Paras
47%
#0128 Normal Tauros
47%
#0110 Veneno Weezing
47%
#0113 Normal Chansey
46%
#0132 Normal Ditto
46%
#0047 Bicho Planta Parasect
46%
#0393 Agua Piplup
46%
#0123 Bicho Volador Scyther
46%
#0255 Fuego Torchic
46%
#0071 Planta Veneno Victreebel
46%
#0100 Eléctrico Voltorb
46%
#0257 Fuego Lucha Blaziken
45%
#0169 Veneno Volador Crobat
45%
#0244 Fuego Entei
45%
#0470 Planta Leafeon
45%
#0448 Lucha Acero Lucario
45%
#0258 Agua Mudkip
45%
#0137 Normal Porygon
45%
#0057 Lucha Primeape
45%
#0119 Agua Seaking
45%
#0080 Agua Psíquico Slowbro
45%
#0079 Agua Psíquico Slowpoke
45%
#0070 Planta Veneno Weepinbell
45%
#0087 Agua Hielo Dewgong
44%
#0085 Normal Volador Dodrio
44%
#0471 Hielo Glaceon
44%
#0088 Veneno Grimer
44%
#0156 Fuego Quilava
44%
#0245 Agua Suicune
44%
#0175 Hada Togepi
44%
#0395 Agua Acero Empoleon
43%
#0282 Psíquico Hada Gardevoir
43%
#0116 Agua Horsea
43%
#0097 Psíquico Hypno
43%
#0700 Hada Sylveon
43%
#0114 Planta Tangela
43%
#0104 Tierra Cubone
42%
#0160 Agua Feraligatr
42%
#0383 Tierra Groudon
42%
#0127 Bicho Pinsir
42%
#0243 Eléctrico Raikou
42%
#0384 Dragón Volador Rayquaza
42%
#0208 Acero Tierra Steelix
42%
#0389 Planta Tierra Torterra
42%
#0153 Planta Bayleef
41%
#0251 Psíquico Planta Celebi
41%
#0390 Fuego Chimchar
41%
#0173 Hada Cleffa
41%
#0091 Agua Hielo Cloyster
41%
#0096 Psíquico Drowzee
41%
#0083 Normal Volador Farfetch’d
41%
#0382 Agua Kyogre
41%
#0467 Fuego Magmortar
41%
#0105 Tierra Marowak
41%
#0484 Agua Dragón Palkia
41%
#0112 Tierra Roca Rhydon
41%
#0111 Tierra Roca Rhyhorn
41%
#0117 Agua Seadra
41%
#0252 Planta Treecko
41%
#0159 Agua Croconaw
40%
#0483 Acero Dragón Dialga
40%
#0239 Eléctrico Elekid
40%
#0103 Planta Psíquico Exeggutor
40%
#0658 Agua Siniestro Greninja
40%
#0392 Fuego Lucha Infernape
40%
#0493 Normal Arceus
39%
#0102 Planta Psíquico Exeggcute
39%
#0498 Fuego Tepig
39%
#0248 Roca Siniestro Tyranitar
39%
#0487 Fantasma Dragón Giratina
38%
#0237 Lucha Hitmontop
38%
#0115 Normal Kangaskhan
38%
#0099 Agua Kingler
38%
#0098 Agua Krabby
38%
#0240 Fuego Magby
38%
#0501 Agua Oshawott
38%
#0254 Planta Sceptile
38%
#0090 Agua Shellder
38%
#0495 Planta Snivy
38%
#0176 Hada Volador Togetic
38%
#0256 Fuego Lucha Combusken
37%
#0281 Psíquico Hada Kirlia
37%
#0462 Eléctrico Acero Magnezone
37%
#0280 Psíquico Hada Ralts
37%
#0377 Roca Regirock
37%
#0260 Agua Tierra Swampert
37%
#0468 Hada Volador Togekiss
37%
#0387 Planta Turtwig
37%
#0157 Fuego Typhlosion
37%
#0214 Bicho Lucha Heracross
36%
#0246 Roca Tierra Larvitar
36%
#0381 Dragón Psíquico Latios
36%
#0108 Normal Lickitung
36%
#0391 Fuego Lucha Monferno
36%
#0233 Normal Porygon2
36%
#0380 Dragón Psíquico Latias
35%
#0259 Agua Tierra Marshtomp
35%
#0376 Acero Psíquico Metagross
35%
#0164 Normal Volador Noctowl
35%
#0394 Agua Prinplup
35%
#0378 Hielo Regice
35%
#0379 Acero Registeel
35%
#0199 Agua Psíquico Slowking
35%
#0181 Eléctrico Ampharos
34%
#0386 Psíquico Deoxys
34%
#0162 Normal Furret
34%
#0253 Planta Grovyle
34%
#0163 Normal Volador Hoothoot
34%
#0174 Normal Hada Igglybuff
34%
#0230 Agua Dragón Kingdra
34%
#0171 Agua Eléctrico Lanturn
34%
#0474 Normal Porygon-Z
34%
#0247 Roca Tierra Pupitar
34%
#0447 Lucha Riolu
34%
#0212 Bicho Acero Scizor
34%
#0398 Normal Volador Staraptor
34%
#0396 Normal Volador Starly
34%
#0179 Eléctrico Mareep
33%
#0486 Normal Regigigas
33%
#0497 Planta Serperior
33%
#0397 Normal Volador Staravia
33%
#0168 Bicho Veneno Ariados
32%
#0184 Agua Hada Azumarill
32%
#0371 Dragón Bagon
32%
#0491 Siniestro Darkrai
32%
#0475 Psíquico Lucha Gallade
32%
#0445 Dragón Tierra Garchomp
32%
#0229 Siniestro Fuego Houndoom
32%
#0200 Fantasma Misdreavus
32%
#0279 Agua Volador Pelipper
32%
#0373 Dragón Volador Salamence
32%
#0161 Normal Sentret
32%
#0215 Siniestro Hielo Sneasel
32%
#0167 Bicho Veneno Spinarak
32%
#0494 Psíquico Fuego Victini
32%
#0374 Acero Psíquico Beldum
31%
#0170 Agua Eléctrico Chinchou
31%
#0385 Acero Psíquico Jirachi
31%
#0270 Agua Planta Lotad
31%
#0405 Eléctrico Luxray
31%
#0183 Agua Hada Marill
31%
#0375 Acero Psíquico Metang
31%
#0446 Normal Munchlax
31%
#0186 Agua Politoed
31%
#0403 Eléctrico Shinx
31%
#0791 Psíquico Acero Solgaleo
31%
#0338 Roca Psíquico Solrock
31%
#0644 Dragón Eléctrico Zekrom
31%
#0263 Normal Zigzagoon
31%
#0466 Eléctrico Electivire
30%
#0349 Agua Feebas
30%
#0656 Agua Froakie
30%
#0271 Agua Planta Lombre
30%
#0272 Agua Planta Ludicolo
30%
#0792 Psíquico Fantasma Lunala
30%
#0337 Roca Psíquico Lunatone
30%
#0404 Eléctrico Luxio
30%
#0198 Siniestro Volador Murkrow
30%
#0261 Siniestro Poochyena
30%
#0643 Dragón Fuego Reshiram
30%
#0236 Lucha Tyrogue
30%
#0178 Psíquico Volador Xatu
30%
#0267 Bicho Volador Beautifly
29%
#0242 Normal Blissey
29%
#0268 Bicho Cascoon
29%
#0500 Fuego Lucha Emboar
29%
#0297 Lucha Hariyama
29%
#0228 Siniestro Fuego Houndour
29%
#0165 Bicho Volador Ledyba
29%
#0725 Fuego Litten
29%
#0308 Lucha Psíquico Medicham
29%
#0262 Siniestro Mightyena
29%
#0350 Agua Milotic
29%
#0177 Psíquico Volador Natu
29%
#0221 Hielo Tierra Piloswine
29%
#0311 Eléctrico Plusle
29%
#0315 Planta Veneno Roselia
29%
#0336 Veneno Seviper
29%
#0319 Agua Siniestro Sharpedo
29%
#0218 Fuego Slugma
29%
#0185 Roca Sudowoodo
29%
#0304 Acero Roca Aron
28%
#0610 Dragón Axew
28%
#0488 Psíquico Cresselia
28%
#0269 Bicho Veneno Dustox
28%
#0443 Dragón Tierra Gible
28%
#0362 Hielo Glalie
28%
#0727 Fuego Siniestro Incineroar
28%
#0166 Bicho Volador Ledian
28%
#0307 Lucha Psíquico Meditite
28%
#0241 Normal Miltank
28%
#0312 Eléctrico Minun
28%
#0407 Planta Veneno Roserade
28%
#0503 Agua Samurott
28%
#0227 Acero Volador Skarmory
28%
#0289 Normal Slaking
28%
#0277 Normal Volador Swellow
28%
#0278 Agua Volador Wingull
28%
#0306 Acero Roca Aggron
27%
#0298 Normal Hada Azurill
27%
#0182 Planta Bellossom
27%
#0180 Eléctrico Flaaffy
27%
#0330 Tierra Dragón Flygon
27%
#0207 Tierra Volador Gligar
27%
#0187 Planta Volador Hoppip
27%
#0189 Planta Volador Jumpluff
27%
#0219 Fuego Roca Magcargo
27%
#0473 Hielo Tierra Mamoswine
27%
#0728 Agua Popplio
27%
#0195 Agua Tierra Quagsire
27%
#0479 Eléctrico Fantasma Rotom
27%
#0361 Hielo Snorunt
27%
#0192 Planta Sunflora
27%
#0194 Agua Tierra Wooper
27%
#0716 Hada Xerneas
27%
#0334 Dragón Volador Altaria
26%
#0482 Psíquico Azelf
26%
#0399 Normal Bidoof
26%
#0318 Agua Siniestro Carvanha
26%
#0650 Planta Chespin
26%
#0502 Agua Dewott
26%
#0653 Fuego Fennekin
26%
#0657 Agua Frogadier
26%
#0444 Dragón Tierra Gabite
26%
#0388 Planta Grotle
26%
#0264 Normal Linoone
26%
#0490 Agua Manaphy
26%
#0481 Psíquico Mesprit
26%
#0291 Bicho Volador Ninjask
26%
#0204 Bicho Pineco
26%
#0730 Agua Hada Primarina
26%
#0464 Tierra Roca Rhyperior
26%
#0722 Planta Volador Rowlet
26%
#0292 Bicho Fantasma Shedinja
26%
#0238 Hielo Psíquico Smoochum
26%
#0220 Hielo Tierra Swinub
26%
#0276 Normal Volador Taillow
26%
#0217 Normal Ursaring
26%
#0480 Psíquico Uxie
26%
#0288 Normal Vigoroth
26%
#0265 Bicho Wurmple
26%
#0193 Bicho Volador Yanma
26%
#0359 Siniestro Absol
25%
#0354 Fantasma Banette
25%
#0356 Fantasma Dusclops
25%
#0203 Normal Psíquico Girafarig
25%
#0701 Lucha Volador Hawlucha
25%
#0485 Fuego Acero Heatran
25%
#0646 Dragón Hielo Kyurem
25%
#0296 Lucha Makuhita
25%
#0439 Psíquico Hada Mime Jr.
25%
#0417 Eléctrico Pachirisu
25%
#0372 Dragón Shelgon
25%
#0266 Bicho Silcoon
25%
#0188 Planta Volador Skiploom
25%
#0287 Normal Slakoth
25%
#0191 Planta Sunkern
25%
#0324 Fuego Torkoal
25%
#0201 Psíquico Unown
25%
#0718 Dragón Tierra Zygarde
25%
#0331 Planta Cacnea
24%
#0222 Agua Roca Corsola
24%
#0232 Tierra Donphan
24%
#0309 Eléctrico Electrike
24%
#0587 Eléctrico Volador Emolga
24%
#0205 Bicho Acero Forretress
24%
#0478 Hielo Fantasma Froslass
24%
#0647 Agua Lucha Keldeo
24%
#0305 Acero Roca Lairon
24%
#0303 Acero Hada Mawile
24%
#0648 Normal Psíquico Meloetta
24%
#0429 Fantasma Mismagius
24%
#0290 Bicho Tierra Nincada
24%
#0274 Planta Siniestro Nuzleaf
24%
#0224 Agua Octillery
24%
#0231 Tierra Phanpy
24%
#0499 Fuego Lucha Pignite
24%
#0409 Roca Rampardos
24%
#0302 Siniestro Fantasma Sableye
24%
#0273 Planta Seedot
24%
#0496 Planta Servine
24%
#0492 Planta Shaymin
24%
#0906 Planta Sprigatito
24%
#0333 Normal Volador Swablu
24%
#0465 Planta Tangrowth
24%
#0785 Eléctrico Hada Tapu Koko
24%
#0786 Psíquico Hada Tapu Lele
24%
#0216 Normal Teddiursa
24%
#0328 Tierra Trapinch
24%
#0329 Tierra Dragón Vibrava
24%
#0717 Siniestro Volador Yveltal
24%
#0460 Planta Hielo Abomasnow
23%
#0348 Roca Bicho Armaldo
23%
#0400 Normal Agua Bibarel
23%
#0344 Tierra Psíquico Claydol
23%
#0724 Planta Fantasma Decidueye
23%
#0210 Hada Granbull
23%
#0310 Eléctrico Manectric
23%
#0226 Agua Volador Mantine
23%
#0223 Agua Remoraid
23%
#0442 Fantasma Siniestro Spiritomb
23%
#0639 Roca Lucha Terrakion
23%
#0365 Hielo Agua Walrein
23%
#0461 Siniestro Hielo Weavile
23%
#0343 Tierra Psíquico Baltoy
22%
#0286 Planta Lucha Breloom
22%
#0418 Agua Buizel
22%
#0332 Planta Siniestro Cacturne
22%
#0609 Fantasma Fuego Chandelure
22%
#0652 Planta Lucha Chesnaught
22%
#0638 Acero Lucha Cobalion
22%
#0408 Roca Cranidos
22%
#0225 Hielo Volador Delibird
22%
#0655 Fuego Psíquico Delphox
22%
#0355 Fantasma Duskull
22%
#0511 Planta Pansage
22%
#0513 Fuego Pansear
22%
#0275 Planta Siniestro Shiftry
22%
#0363 Hielo Agua Spheal
22%
#0663 Fuego Volador Talonflame
22%
#0640 Planta Lucha Virizion
22%
#0721 Fuego Agua Volcanion
22%
#0202 Psíquico Wobbuffet
22%
#0190 Normal Aipom
21%
#0406 Planta Veneno Budew
21%
#0323 Fuego Tierra Camerupt
21%
#0453 Veneno Lucha Croagunk
21%
#0477 Fantasma Dusknoir
21%
#0909 Fuego Fuecoco
21%
#0472 Tierra Volador Gliscor
21%
#0612 Dragón Haxorus
21%
#0294 Normal Loudred
21%
#0284 Bicho Volador Masquerain
21%
#0299 Roca Nosepass
21%
#0322 Fuego Tierra Numel
21%
#0515 Agua Panpour
21%
#0489 Agua Phione
21%
#0519 Normal Volador Pidove
21%
#0539 Lucha Sawk
21%
#0364 Hielo Agua Sealeo
21%
#0213 Bicho Roca Shuckle
21%
#0353 Fantasma Shuppet
21%
#0235 Normal Smeargle
21%
#0209 Hada Snubbull
21%
#0283 Bicho Agua Surskit
21%
#0726 Fuego Torracat
21%
#0454 Veneno Lucha Toxicroak
21%
#0357 Planta Volador Tropius
21%
#0637 Bicho Fuego Volcarona
21%
#0469 Bicho Volador Yanmega
21%
#0347 Roca Bicho Anorith
20%
#0411 Roca Acero Bastiodon
20%
#0654 Fuego Braixen
20%
#0436 Acero Psíquico Bronzor
20%
#0425 Fantasma Volador Drifloon
20%
#0206 Normal Dunsparce
20%
#0295 Normal Exploud
20%
#0669 Hada Flabébé
20%
#0419 Agua Floatzel
20%
#0423 Agua Tierra Gastrodon
20%
#0440 Normal Happiny
20%
#0430 Siniestro Volador Honchkrow
20%
#0635 Siniestro Dragón Hydreigon
20%
#0345 Roca Planta Lileep
20%
#0800 Psíquico Necrozma
20%
#0211 Agua Veneno Qwilfish
20%
#0895 Dragón Regidrago
20%
#0369 Agua Roca Relicanth
20%
#0512 Planta Simisage
20%
#0300 Normal Skitty
20%
#0459 Planta Hielo Snover
20%
#0234 Normal Stantler
20%
#0788 Agua Hada Tapu Fini
20%
#0320 Agua Wailmer
20%
#0321 Agua Wailord
20%
#0335 Normal Zangoose
20%
#0571 Siniestro Zoroark
20%
#0438 Roca Bonsly
19%
#0415 Bicho Volador Combee
19%
#0706 Dragón Goodra
19%
#0402 Bicho Kricketune
19%
#0645 Tierra Volador Landorus
19%
#0636 Bicho Fuego Larvesta
19%
#0463 Normal Lickilicky
19%
#0517 Psíquico Munna
19%
#0518 Psíquico Musharna
19%
#0545 Bicho Veneno Scolipede
19%
#0422 Agua Shellos
19%
#0285 Planta Shroomish
19%
#0516 Agua Simipour
19%
#0514 Fuego Simisear
19%
#0327 Normal Spinda
19%
#0787 Planta Hada Tapu Bulu
19%
#0641 Volador Tornadus
19%
#0521 Normal Volador Unfezant
19%
#0339 Agua Tierra Barboach
18%
#0550 Agua Basculin
18%
#0437 Acero Psíquico Bronzong
18%
#0358 Psíquico Chimecho
18%
#0341 Agua Corphish
18%
#0789 Psíquico Cosmog
18%
#0346 Roca Planta Cradily
18%
#0555 Fuego Darmanitan
18%
#0702 Eléctrico Hada Dedenne
18%
#0633 Siniestro Dragón Deino
18%
#0452 Veneno Siniestro Drapion
18%
#0426 Fantasma Volador Drifblim
18%
#0530 Tierra Acero Excadrill
18%
#0662 Fuego Volador Fletchinder
18%
#0704 Dragón Goomy
18%
#0810 Planta Grookey
18%
#0720 Psíquico Fantasma Hoopa
18%
#0608 Fantasma Fuego Lampent
18%
#0667 Fuego Normal Litleo
18%
#0428 Normal Lopunny
18%
#0370 Agua Luvdisc
18%
#0809 Acero Melmetal
18%
#0808 Acero Meltan
18%
#0778 Fantasma Hada Mimikyu
18%
#0866 Hielo Psíquico Mr. Rime
18%
#0651 Planta Quilladin
18%
#0894 Eléctrico Regieleki
18%
#0524 Roca Roggenrola
18%
#0551 Tierra Siniestro Sandile
18%
#0813 Fuego Scorbunny
18%
#0410 Roca Acero Shieldon
18%
#0451 Veneno Bicho Skorupi
18%
#0642 Eléctrico Volador Thundurus
18%
#0413 Bicho Varios Wormadam
18%
#0531 Normal Audino
17%
#0427 Normal Buneary
17%
#0412 Bicho Burmy
17%
#0815 Fuego Cinderace
17%
#0342 Agua Siniestro Crawdaunt
17%
#0723 Planta Volador Dartrix
17%
#0719 Roca Hada Diancie
17%
#0661 Normal Volador Fletchling
17%
#0649 Bicho Acero Genesect
17%
#0449 Tierra Hippopotas
17%
#0314 Bicho Illumise
17%
#0352 Normal Kecleon
17%
#0401 Bicho Kricketot
17%
#0552 Tierra Siniestro Krokorok
17%
#0458 Agua Volador Mantyke
17%
#0476 Roca Acero Probopass
17%
#0317 Veneno Swalot
17%
#0520 Normal Volador Tranquill
17%
#0602 Eléctrico Tynamo
17%
#0901 Tierra Normal Ursaluna
17%
#0416 Bicho Volador Vespiquen
17%
#0293 Normal Whismur
17%
#0889 Lucha Zamazenta
17%
#0523 Eléctrico Zebstrika
17%
#0570 Siniestro Zorua
17%
#0567 Roca Volador Archeops
16%
#0565 Agua Roca Carracosta
16%
#0366 Agua Clamperl
16%
#0554 Fuego Darumaka
16%
#0301 Normal Delcatty
16%
#0890 Veneno Dragón Eternatus
16%
#0611 Dragón Fraxure
16%
#0596 Bicho Eléctrico Galvantula
16%
#0526 Roca Gigalith
16%
#0316 Veneno Gulpin
16%
#0507 Normal Herdier
16%
#0818 Agua Inteleon
16%
#0595 Bicho Eléctrico Joltik
16%
#0707 Acero Hada Klefki
16%
#0599 Acero Klink
16%
#0549 Planta Lilligant
16%
#0506 Normal Lillipup
16%
#0607 Fantasma Fuego Litwick
16%
#0457 Agua Lumineon
16%
#0802 Lucha Fantasma Marshadow
16%
#0908 Planta Siniestro Meowscarada
16%
#0504 Normal Patrat
16%
#0912 Agua Quaxly
16%
#0581 Agua Volador Swanna
16%
#0538 Lucha Throh
16%
#0564 Agua Roca Tirtouga
16%
#0543 Bicho Veneno Venipede
16%
#0562 Fantasma Yamask
16%
#0888 Hada Zacian
16%
#0594 Agua Alomomola
15%
#0698 Roca Hielo Amaura
15%
#0424 Normal Ambipom
15%
#0566 Roca Volador Archen
15%
#0699 Roca Hielo Aurorus
15%
#0525 Roca Boldore
15%
#0455 Planta Carnivine
15%
#0351 Normal Castform
15%
#0441 Normal Volador Chatot
15%
#0790 Psíquico Cosmoem
15%
#0780 Normal Dragón Drampa
15%
#0431 Normal Glameow
15%
#0600 Acero Klang
15%
#0601 Acero Klinklang
15%
#0553 Tierra Siniestro Krookodile
15%
#0542 Bicho Planta Leavanny
15%
#0745 Roca Lycanroc
15%
#0801 Acero Hada Magearna
15%
#0687 Siniestro Psíquico Malamar
15%
#0414 Bicho Volador Mothim
15%
#0714 Volador Dragón Noibat
15%
#0548 Planta Petilil
15%
#0537 Agua Tierra Seismitoad
15%
#0865 Lucha Sirfetch'd
15%
#0816 Agua Sobble
15%
#0508 Normal Stoutland
15%
#0528 Psíquico Volador Swoobat
15%
#0532 Lucha Timburr
15%
#0777 Eléctrico Acero Togedemaru
15%
#0697 Roca Dragón Tyrantrum
15%
#0696 Roca Dragón Tyrunt
15%
#0582 Hielo Vanillite
15%
#0313 Bicho Volbeat
15%
#0340 Agua Tierra Whiscash
15%
#0527 Psíquico Volador Woobat
15%
#0807 Eléctrico Zeraora
15%
#0713 Hielo Avalugg
14%
#0625 Siniestro Acero Bisharp
14%
#0729 Agua Brionne
14%
#0534 Lucha Conkeldurr
14%
#0529 Tierra Drilbur
14%
#0578 Psíquico Duosion
14%
#0670 Hada Floette
14%
#0671 Hada Florges
14%
#0623 Tierra Fantasma Golurk
14%
#0631 Fuego Heatmor
14%
#0450 Tierra Hippowdon
14%
#0686 Siniestro Psíquico Inkay
14%
#0715 Volador Dragón Noivern
14%
#0862 Siniestro Normal Obstagoon
14%
#0741 Varios Volador Oricorio
14%
#0674 Lucha Pancham
14%
#0731 Normal Volador Pikipek
14%
#0509 Siniestro Purrloin
14%
#0757 Veneno Fuego Salandit
14%
#0758 Veneno Fuego Salazzle
14%
#0577 Psíquico Solosis
14%
#0748 Veneno Agua Toxapex
14%
#0584 Hielo Vanilluxe
14%
#0666 Bicho Volador Vivillon
14%
#0505 Normal Watchog
14%
#0544 Bicho Veneno Whirlipede
14%
#0746 Agua Wishiwashi
14%
#0634 Siniestro Dragón Zweilous
14%
#0681 Acero Fantasma Aegislash
13%
#0591 Planta Veneno Amoonguss
13%
#0703 Roca Hada Carbink
13%
#0421 Planta Cherrim
13%
#0433 Psíquico Chingling
13%
#0691 Veneno Dragón Dragalge
13%
#0580 Agua Volador Ducklett
13%
#0632 Bicho Acero Durant
13%
#0604 Eléctrico Eelektross
13%
#0598 Planta Acero Ferrothorn
13%
#0456 Agua Finneon
13%
#0326 Psíquico Grumpig
13%
#0694 Eléctrico Normal Helioptile
13%
#0367 Agua Huntail
13%
#0784 Dragón Lucha Kommo-o
13%
#0510 Siniestro Liepard
13%
#0630 Siniestro Volador Mandibuzz
13%
#0572 Normal Minccino
13%
#1008 Eléctrico Dragón Miraidon
13%
#0793 Roca Veneno Nihilego
13%
#0536 Agua Tierra Palpitoad
13%
#0432 Normal Purugly
13%
#0668 Fuego Normal Pyroar
13%
#0579 Psíquico Reuniclus
13%
#0812 Planta Rillaboom
13%
#0559 Siniestro Lucha Scraggy
13%
#0435 Veneno Siniestro Skuntank
13%
#0325 Psíquico Spoink
13%
#0434 Veneno Siniestro Stunky
13%
#0733 Normal Volador Toucannon
13%
#0535 Agua Tympole
13%
#0547 Planta Hada Whimsicott
13%
#0360 Psíquico Wynaut
13%
#0979 Lucha Fantasma Annihilape
12%
#0614 Hielo Beartic
12%
#0522 Eléctrico Blitzle
12%
#0628 Normal Volador Braviary
12%
#0794 Bicho Lucha Buzzwole
12%
#0420 Planta Cherubi
12%
#0573 Normal Cinccino
12%
#0563 Fantasma Cofagrigus
12%
#0823 Volador Acero Corviknight
12%
#0546 Planta Hada Cottonee
12%
#0910 Fuego Crocalor
12%
#0615 Hielo Cryogonal
12%
#0864 Fantasma Cursola
12%
#0887 Dragón Fantasma Dragapult
12%
#0621 Dragón Druddigon
12%
#0982 Normal Dudunsparce
12%
#0907 Planta Floragato
12%
#0622 Tierra Fantasma Golett
12%
#0368 Agua Gorebyss
12%
#0799 Dark Dragón Guzzlord
12%
#0695 Eléctrico Normal Heliolisk
12%
#0593 Agua Fantasma Jellicent
12%
#0798 Planta Acero Kartana
12%
#1007 Lucha Dragón Koraidon
12%
#0877 Eléctrico Siniestro Morpeko
12%
#0675 Lucha Siniestro Pangoro
12%
#0624 Siniestro Acero Pawniard
12%
#0795 Bicho Lucha Pheromosa
12%
#0814 Fuego Raboot
12%
#0744 Roca Rockruff
12%
#0560 Siniestro Lucha Scrafty
12%
#0705 Dragón Sliggoo
12%
#0805 Roca Acero Stakataka
12%
#0709 Fantasma Planta Trevenant
12%
#0776 Fuego Dragón Turtonator
12%
#0738 Bicho Eléctrico Vikavolt
12%
#0796 Eléctrico Xurkitree
12%
#0617 Bicho Accelgor
11%
#0840 Planta Dragón Applin
11%
#0902 Agua Fantasma Basculegion
11%
#0659 Normal Bunnelby
11%
#0737 Bicho Eléctrico Charjabug
11%
#1002 Siniestro Hielo Chien-Pao
11%
#0772 Normal Código Cero
11%
#0740 Lucha Hielo Crabominable
11%
#0739 Lucha Crabrawler
11%
#0613 Hielo Cubchoo
11%
#0680 Acero Fantasma Doublade
11%
#0603 Eléctrico Eelektrik
11%
#0905 Hada Volador Enamorus
11%
#0981 Normal Psíquico Farigiraf
11%
#0597 Planta Acero Ferroseed
11%
#0590 Planta Veneno Foongus
11%
#0592 Agua Fantasma Frillish
11%
#0569 Veneno Garbodor
11%
#0673 Planta Gogoat
11%
#0574 Psíquico Gothita
11%
#0576 Psíquico Gothitelle
11%
#0575 Psíquico Gothorita
11%
#0533 Lucha Gurdurr
11%
#0783 Dragón Lucha Hakamo-o
11%
#0588 Bicho Karrablast
11%
#0983 Siniestro Acero Kingambit
11%
#0900 Bicho Roca Kleavor
11%
#0747 Veneno Agua Mareanie
11%
#0619 Lucha Mienfoo
11%
#0620 Lucha Mienshao
11%
#0750 Tierra Mudsdale
11%
#0804 Veneno Dragón Naganadel
11%
#0765 Normal Psíquico Oranguru
11%
#0921 Eléctrico Pawmi
11%
#0922 Eléctrico Lucha Pawmo
11%
#0923 Eléctrico Lucha Pawmot
11%
#0708 Fantasma Planta Phantump
11%
#0710 Fantasma Planta Pumpkaboo
11%
#0771 Agua Pyukumuku
11%
#0627 Normal Volador Rufflet
11%
#0769 Fantasma Tierra Sandygast
11%
#0664 Bicho Scatterbug
11%
#0540 Bicho Planta Sewaddle
11%
#0773 Normal Silvally
11%
#0672 Planta Skiddo
11%
#0690 Veneno Agua Skrelp
11%
#0618 Tierra Eléctrico Stunfisk
11%
#0848 Eléctrico Veneno Toxel
11%
#0583 Hielo Vanillish
11%
#0752 Agua Bicho Araquanid
10%
#0760 Normal Lucha Bewear
10%
#0688 Roca Agua Binacle
10%
#0806 Fuego Fantasma Blacephalon
10%
#0626 Normal Bouffalant
10%
#0779 Agua Psíquico Bruxish
10%
#0898 Psíquico Planta Calyrex
10%
#0797 Acero Volador Celesteela
10%
#0742 Bicho Hada Cutiefly
10%
#0660 Normal Tierra Diggersby
10%
#0885 Dragón Fantasma Dreepy
10%
#0589 Bicho Acero Escavalier
10%
#1006 Hada Lucha Ferropaladín
10%
#0992 Lucha Eléctrico Ferropalmas
10%
#0873 Hielo Bicho Frosmoth
10%
#0711 Fantasma Planta Gourgeist
10%
#0679 Acero Fantasma Honedge
10%
#0782 Dragón Jangmo-o
10%
#0754 Planta Lurantis
10%
#0556 Planta Maractus
10%
#0678 Psíquico Meowstic
10%
#0803 Veneno Poipole
10%
#0914 Agua Lucha Quaquaval
10%
#0743 Bicho Hada Ribombee
10%
#0616 Bicho Shelmet
10%
#0561 Psíquico Volador Sigilyph
10%
#0872 Hielo Bicho Snom
10%
#0665 Bicho Spewpa
10%
#0959 Hada Acero Tinkaton
10%
#0568 Veneno Trubbish
10%
#0629 Siniestro Volador Vullaby
10%
#0734 Normal Yungoos
10%
#0842 Planta Dragón Appletun
9%
#0683 Hada Aromatisse
9%
#0998 Dragón Hielo Baxcalibur
9%
#0712 Hielo Bergmite
9%
#0980 Veneno Tierra Clodsire
9%
#0845 Volador Agua Cramorant
9%
#0558 Bicho Roca Crustle
9%
#0585 Normal Planta Deerling
9%
#0882 Agua Dragón Dracovish
9%
#0884 Acero Dragón Duraludon
9%
#0677 Psíquico Espurr
9%
#0841 Planta Dragón Flapple
9%
#0768 Bicho Agua Golisopod
9%
#0735 Normal Gumshoos
9%
#0775 Normal Komala
9%
#0891 Lucha Kubfu
9%
#0749 Tierra Mudbray
9%
#0821 Volador Rookidee
9%
#0854 Fantasma Sinistea
9%
#0685 Hada Slurpuff
9%
#0903 Veneno Lucha Sneasler
9%
#0682 Hada Spritzee
9%
#0541 Bicho Planta Swadloon
9%
#1024 Normal Terapagos
9%
#0849 Eléctrico Veneno Toxtricity
9%
#0892 Lucha Siniestro Urshifu
9%
#0960 Agua Wiglett
9%
#0767 Bicho Agua Wimpod
9%
#0831 Normal Wooloo
9%
#0961 Agua Wugtrio
9%
#1018 Acero Dragón Archaludon
8%
#0689 Roca Agua Barbaracle
8%
#1005 Dragón Siniestro Bramaluna
8%
#0851 Fuego Bicho Centiskorch
8%
#1004 Siniestro Fuego Chi-Yu
8%
#0751 Agua Bicho Dewpider
8%
#0781 Fantasma Planta Dhelmise
8%
#0977 Agua Dondozo
8%
#0557 Bicho Roca Dwebble
8%
#0605 Psíquico Elgyem
8%
#0870 Lucha Falinks
8%
#0990 Tierra Acero Ferrodada
8%
#0994 Fuego Veneno Ferropolilla
8%
#0753 Planta Fomantis
8%
#0861 Siniestro Hada Grimmsnarl
8%
#0736 Bicho Grubbin
8%
#0915 Normal Lechonk
8%
#0987 Fantasma Hada Melenaleteo
8%
#0774 Roca Volador Minior
8%
#0755 Planta Hada Morelull
8%
#0932 Roca Nacli
8%
#1017 Planta Ogerpon
8%
#0770 Fantasma Tierra Palossand
8%
#0766 Lucha Passimian
8%
#0863 Acero Perrserker
8%
#0586 Normal Planta Sawsbuck
8%
#0756 Planta Hada Shiinotic
8%
#0911 Fuego Fantasma Skeledirge
8%
#0928 Planta Normal Smoliv
8%
#0897 Fantasma Spectrier
8%
#0684 Hada Swirlix
8%
#0957 Hada Acero Tinkatink
8%
#0948 Tierra Planta Toedscool
8%
#0949 Tierra Planta Toedscruel
8%
#0732 Normal Volador Trumbeak
8%
#0763 Planta Tsareena
8%
#0899 Normal Psíquico Wyrdeer
8%
#0893 Siniestro Planta Zarude
8%
#0930 Planta Normal Arboliva
7%
#0883 Agua Hielo Arctovish
7%
#0881 Eléctrico Hielo Arctozolt
7%
#0606 Psíquico Beheeyem
7%
#0761 Planta Bounsweet
7%
#0693 Agua Clawitzer
7%
#0985 Hada Psíquico Colagrito
7%
#0764 Hada Comfey
7%
#0822 Volador Corvisquire
7%
#0880 Eléctrico Dragón Dracozolt
7%
#0886 Dragón Fantasma Drakloak
7%
#0817 Agua Drizzile
7%
#0832 Normal Dubwool
7%
#0993 Siniestro Volador Ferrocuello
7%
#0995 Rock Eléctrico Ferropúas
7%
#0991 Hielo Agua Ferrosaco
7%
#1010 Planta Psíquico Ferroverdor
7%
#0973 Volador Lucha Flamigo
7%
#0676 Normal Furfrou
7%
#1000 Acero Fantasma Gholdengo
7%
#0896 Hielo Glastrier
7%
#0945 Veneno Normal Grafaiai
7%
#0820 Normal Greedent
7%
#1019 Planta Dragón Hydrapple
7%
#0859 Siniestro Hada Impidimp
7%
#0860 Siniestro Hada Morgrem
7%
#0916 Normal Oinkologne
7%
#1009 Agua Dragón Ondulagua
7%
#0904 Siniestro Veneno Overqwil
7%
#1025 Veneno Fantasma Pecharunt
7%
#0913 Agua Quaxwell
7%
#0867 Tierra Fantasma Runerigus
7%
#0844 Tierra Sandaconda
7%
#0811 Planta Thwackey
7%
#1003 Siniestro Tierra Ting-Lu
7%
#0976 Agua Psíquico Veluza
7%
#1001 Siniestro Planta Wo-Chien
7%
#0835 Eléctrico Yamper
7%
#0936 Fuego Psíquico Armarouge
6%
#0836 Eléctrico Boltund
6%
#0937 Fuego Fantasma Ceruledge
6%
#0833 Agua Chewtle
6%
#0692 Agua Clauncher
6%
#0839 Roca Fuego Coalossal
6%
#0984 Ground Lucha Colmilargo
6%
#0878 Acero Cufant
6%
#0834 Agua Roca Drednaw
6%
#1022 Roca Psíquico Ferromole
6%
#1023 Acero Psíquico Ferrotesta
6%
#1016 Veneno Hada Fezandipiti
6%
#0986 Planta Siniestro Furioseta
6%
#0934 Roca Garganacl
6%
#0856 Psíquico Hatenna
6%
#0858 Psíquico Hada Hatterene
6%
#0857 Psíquico Hattrem
6%
#1015 Veneno Psíquico Munkidori
6%
#1014 Veneno Lucha Okidogi
6%
#0826 Bicho Psíquico Orbeetle
6%
#0871 Eléctrico Pincurchin
6%
#0855 Fantasma Polteageist
6%
#0837 Roca Rolycoly
6%
#0843 Tierra Silicobra
6%
#1013 Planta Fantasma Sinistcha
6%
#0850 Fuego Bicho Sizzlipede
6%
#0819 Normal Skwovet
6%
#0762 Planta Steenee
6%
#0759 Normal Lucha Stufful
6%
#0978 Dragón Agua Tatsugiri
6%
#0958 Hada Acero Tinkatuff
6%
#0997 Dragón Hielo Arctibax
5%
#0846 Agua Arrokuda
5%
#0939 Eléctrico Bellibolt
5%
#0962 Volador Siniestro Bombirdier
5%
#0951 Planta Capsakid
5%
#0935 Fuego Charcadet
5%
#0879 Acero Copperajah
5%
#0967 Dragón Normal Cyclizar
5%
#1011 Planta Dragón Dipplin
5%
#0929 Planta Normal Dolliv
5%
#0825 Bicho Psíquico Dottler
5%
#0875 Hielo Eiscue
5%
#0830 Planta Eldegoss
5%
#1021 Eléctrico Dragón Electrofuria
5%
#1020 Fuego Dragón Flamariete
5%
#0996 Dragón Hielo Frigibax
5%
#0999 Fantasma Gimmighoul
5%
#0829 Planta Gossifleur
5%
#0876 Psíquico Normal Indeedee
5%
#0941 Eléctrico Volador Kilowattrel
5%
#0920 Bicho Siniestro Lokix
5%
#0827 Siniestro Nickit
5%
#0919 Bicho Nymble
5%
#0964 Agua Palafin
5%
#0989 Eléctrico Tierra Pelarena
5%
#1012 Planta Fantasma Poltchageist
5%
#0988 Bicho Lucha Reptalada
5%
#0952 Planta Fuego Scovillain
5%
#0874 Roca Stonjourner
5%
#0924 Normal Tandemaus
5%
#0917 Bicho Tarountula
5%
#0940 Eléctrico Volador Wattrel
5%
#0869 Hada Alcremie
4%
#0847 Agua Barraskewda
4%
#0824 Bicho Blipbug
4%
#0838 Roca Fuego Carkol
4%
#0975 Hielo Cetitan
4%
#0974 Hielo Cetoddle
4%
#0852 Lucha Clobbopus
4%
#0963 Agua Finizen
4%
#0969 Roca Veneno Glimmet
4%
#0970 Roca Veneno Glimmora
4%
#0853 Lucha Grapploct
4%
#0950 Roca Klawf
4%
#0925 Normal Maushold
4%
#0868 Hada Milcery
4%
#0933 Roca Naclstack
4%
#0968 Acero Orthworm
4%
#0966 Acero Veneno Revavroom
4%
#0944 Veneno Normal Shroodle
4%
#0918 Bicho Spidops
4%
#0931 Normal Volador Squawkabilly
4%
#0938 Eléctrico Tadbulb
4%
#0828 Siniestro Thievul
4%
#0947 Planta Fantasma Brambleghast
3%
#0946 Planta Fantasma Bramblin
3%
#0927 Hada Dachsbun
3%
#0956 Psíquico Espathra
3%
#0926 Hada Fidough
3%
#0972 Fantasma Houndstone
3%
#0943 Siniestro Mabosstiff
3%
#0942 Siniestro Maschiff
3%
#0954 Bicho Psíquico Rabsca
3%
#0953 Bicho Rellor
3%
#0965 Acero Veneno Varoom
3%
#0955 Psíquico Flittle
2%
#0971 Fantasma Greavard
2%
No se encontraron pruebas coincidentes
Distribución de puntuación
Porcentaje de gente con cada puntuación
Porcentaje por número respondido
Historial de tus puntuaciones
No has intentado esta prueba.